Quel est ce joueur ? (Version très difficile) - Statistiques

Statistiques générales
  • Ce quiz a été pris 9 fois
  • Le résultat moyen est 1 sur 16
Statistiques - réponses
Par images Réponse % Correct
Alexis Sauvage
22%
Divin Mubama
22%
Felix Passlack
22%
Haissem Hassan
22%
Yeremay Hernández
22%
David Okereke
11%
Joris Kayembe
11%
Alfred Duncan
0%
Antonín Barák
0%
Cristian Benavente
0%
Giorgi Abuashvili
0%
Jaidon Anthony
0%
Julien Fabri
0%
Keigo Tsunemoto
0%
Pau Víctor
0%
Yarek Gasiorowski
0%
Aucun quiz correspondant
Distribution des résultats
% des personnes avec chaque résultat
Percentile par nombre de réponses
Votre historique - résultats
Vous n’avez pas pris ce quiz